[Event "WY U-16 Chess Olympiad 2019"]
[Site "Corum"]
[Date "2019.11.01"]
[Round "5"]
[White "Tantipura, Noppakorn"]
[Black "Hatirli, Ugur Can"]
[Result "1-0"]
[WhiteElo "1851"]
[BlackElo "1852"]
[Annotator "NA"]
[PlyCount "123"]
[EventDate "2019.10.28"]
[EventType "team-tourn"]
[EventCountry "TUR"]
[SourceTitle "playchess.com"]
[Source "ChessBase"]
[SourceQuality "1"]

1. e4 c5 2. Nf3 e6 3. d3 Nc6 4. g3 d5 5. Nbd2 Nf6 6. Bg2 Be7 7. O-O dxe4 8. dxe4 e5 9. c3 O-O 10. Qc2 Qc7 11. Nc4 Rd8 12. Ne3 b6 13. Nd5 Qb7 14. Bg5 Rd6 15. Rad1 Nxd5 16. exd5 Nd8 17. Rfe1 f6 18. Bc1 Nf7 19. c4 g6 20. b3 Bf5 21. Qe2 Re8 22. Bb2 Bf8 23. Nd2 Bg7 24. Ne4 Bxe4 25. Bxe4 Qd7 26. f3 Ng5 27. Bb1 Nf7 28. Qg2 Qc7 29. h4 Qc8 30. Re2 b5 31. cxb5 Qb7 32. a4 Rxd5 33. Red2 Rxd2 34. Rxd2 Bh6 35. Rd3 Qb6 36. Qf2 Bf8 37. Kg2 Qb7 38. Rd1 f5 39. Bd3 Rd8 40. Be2 Rxd1 41. Bxd1 Qd5 42. Qe2 Bg7 43. Bc2 Nd6 44. Qd1 Qe6 45. Ba3 Nb7 46. Bd3 Kh8 47. Bc4 Qc8 48. Qd5 h5 49. Qc6 Qd8 50. Qxg6 Qd2+ 51. Kh3 Nd6 52. Qxh5+ Bh6 53. f4 Kg7 54. Qe2 Nxc4 55. Qxd2 Nxd2 56. a5 Nxb3 57. b6 axb6 58. a6 e4 59. a7 e3 60. a8=Q e2 61. Qe8 Nd4 62. Bb2 1-0

[Event "WY U-16 Chess Olympiad 2019"]
[Site "Corum"]
[Date "2019.11.01"]
[Round "5"]
[White "Kenbeilov, Timur"]
[Black "Chan, Yi Meng Ryan"]
[Result "1-0"]
[WhiteElo "1844"]
[BlackElo "2130"]
[Annotator "NA"]
[PlyCount "127"]
[EventDate "2019.10.28"]
[EventType "team-tourn"]
[EventCountry "TUR"]
[SourceTitle "playchess.com"]
[Source "ChessBase"]
[SourceQuality "1"]

1. d4 d5 2. c4 e6 3. g3 Nf6 4. Bg2 Bb4+ 5. Nd2 O-O 6. Ngf3 Nbd7 7. O-O c6 8. Qc2 b6 9. e4 dxe4 10. Nxe4 Bb7 11. Rd1 Qc8 12. Bf4 Nxe4 13. Qxe4 c5 14. d5 Nf6 15. Qc2 exd5 16. cxd5 Bxd5 17. Rxd5 Nxd5 18. Ng5 Nf6 19. Bxa8 Qxa8 20. a3 Ba5 21. Be5 h6 22. Bxf6 hxg5 23. Bxg5 Qd5 24. Be7 Re8 25. Rd1 Qe6 26. Bg5 c4 27. Be3 a6 28. Qa4 Rc8 29. h4 Qe4 30. b4 c3 31. Qd7 Qc4 32. bxa5 c2 33. Rc1 bxa5 34. Qd4 Qb3 35. Qg4 Rc4 36. Bd4 f6 37. Qe6+ Kh7 38. Be3 Qb5 39. h5 Rc6 40. Qd7 Rc3 41. Qg4 Qd3 42. Qg6+ Qxg6 43. hxg6+ Kxg6 44. a4 Kf5 45. Kf1 Kg4 46. Ke2 Rc4 47. Kd3 Rxa4 48. Rxc2 Kf5 49. Rc5+ Kg6 50. Rc6 Rb4 51. Rxa6 a4 52. Kc3 Re4 53. Bd4 Re8 54. Rxa4 Re6 55. Kd3 Kh6 56. Be3+ g5 57. Rb4 Kg6 58. Rb6 Re8 59. Bd4 Rf8 60. Ke4 Rf7 61. g4 Re7+ 62. Kd5 Rd7+ 63. Rd6 Rf7 64. Rxf6+ 1-0

[Event "WY U-16 Chess Olympiad 2019"]
[Site "Corum"]
[Date "2019.11.01"]
[Round "5"]
[White "Hairul, Muhd Ilhan Mansiz"]
[Black "Magzumov, Damirali"]
[Result "1-0"]
[WhiteElo "1832"]
[BlackElo "1522"]
[Annotator "NA"]
[PlyCount "81"]
[EventDate "2019.10.28"]
[EventType "team-tourn"]
[EventCountry "TUR"]
[SourceTitle "playchess.com"]
[Source "ChessBase"]
[SourceQuality "1"]

1. d4 Nf6 2. c4 e6 3. Nc3 Bb4 4. f3 d5 5. a3 Bxc3+ 6. bxc3 b6 7. cxd5 exd5 8. e3 O-O 9. Bd3 Re8 10. Ne2 Bb7 11. O-O Nbd7 12. Ng3 c5 13. Re1 Qc7 14. Bd2 Rad8 15. a4 h5 16. Qb1 h4 17. Nh1 Nf8 18. Nf2 Bc8 19. Qb2 Ne6 20. Rad1 Ng5 21. e4 Nfh7 22. e5 Qe7 23. f4 Ne6 24. Qb1 Nhf8 25. f5 Nc7 26. Qc1 Nh7 27. Nh3 f6 28. Nf4 fxe5 29. dxe5 Qf7 30. f6 gxf6 31. Bg6 Qg7 32. Bxe8 Rxe8 33. Nh5 Qg4 34. Nxf6+ Nxf6 35. exf6 h3 36. Rxe8+ Nxe8 37. g3 Qf3 38. f7+ Kg7 39. Bh6+ Kh7 40. Qc2+ Bf5 41. f8=Q 1-0

[Event "WY U-16 Chess Olympiad 2019"]
[Site "Corum"]
[Date "2019.11.01"]
[Round "5"]
[White "Altundal, Arda"]
[Black "Pheephacharakan, Pinatpong"]
[Result "1-0"]
[WhiteElo "1776"]
[BlackElo "1785"]
[Annotator "NA"]
[PlyCount "60"]
[EventDate "2019.10.28"]
[EventType "team-tourn"]
[EventCountry "TUR"]
[SourceTitle "playchess.com"]
[Source "ChessBase"]
[SourceQuality "1"]

1. d4 Nf6 2. c4 c5 3. d5 b5 4. cxb5 a6 5. bxa6 g6 6. Nc3 Bxa6 7. g3 Bg7 8. Bg2 d6 9. Nf3 O-O 10. O-O Nbd7 11. h3 Nb6 12. Re1 Ra7 13. e4 Nfd7 14. Qc2 Nc4 15. Bf1 Nde5 16. Nxe5 Nxe5 17. Kg2 c4 18. Be3 Rb7 19. Reb1 Nd3 20. Bxd3 cxd3 21. Qa4 Qa8 22. Bd4 Bxd4 23. Qxd4 Rfb8 24. b4 e5 25. dxe6 fxe6 26. a4 Rc7 27. b5 Rxc3 28. bxa6 Rc6 29. Rxb8+ Qxb8 30. a7 Qf8 1-0

[Event "WY U-16 Chess Olympiad 2019"]
[Site "Corum"]
[Date "2019.11.01"]
[Round "5"]
[White "Laohawirapap, Prin"]
[Black "Taban, Yagiz"]
[Result "1-0"]
[WhiteElo "1774"]
[BlackElo "1591"]
[Annotator "NA"]
[PlyCount "91"]
[EventDate "2019.10.28"]
[EventType "team-tourn"]
[EventCountry "TUR"]
[SourceTitle "playchess.com"]
[Source "ChessBase"]
[SourceQuality "1"]

1. e4 c5 2. c3 Nf6 3. e5 Nd5 4. d4 cxd4 5. Nf3 e6 6. cxd4 d6 7. Bc4 Nc6 8. O-O Nb6 9. Bb5 dxe5 10. Nxe5 Bd7 11. Bxc6 Bxc6 12. Nxc6 bxc6 13. Qg4 Qf6 14. Be3 Be7 15. Nd2 O-O 16. Rac1 Rac8 17. Nf3 Nd7 18. Qe4 Qg6 19. Qxg6 hxg6 20. Rc2 Bd6 21. Rfc1 Nb8 22. Ne5 Bxe5 23. dxe5 a6 24. Bc5 Rfd8 25. Bd6 Rd7 26. g3 Rb7 27. b3 g5 28. Kg2 Rb5 29. f4 gxf4 30. gxf4 Rd5 31. Kf3 a5 32. Rc5 Rd8 33. Rxd5 cxd5 34. Rc5 Nd7 35. Rxa5 f6 36. Ra7 Nf8 37. Ke3 Ng6 38. b4 Nh4 39. Bc7 d4+ 40. Kd3 Rd5 41. Ra8+ Kf7 42. Rd8 Rb5 43. Kc4 Rb7 44. Bd6 Ra7 45. Kb3 d3 46. Bc5 1-0

[Event "WY U-16 Chess Olympiad 2019"]
[Site "Corum"]
[Date "2019.11.01"]
[Round "5"]
[White "Ameer, Dhafer Abdulameer"]
[Black "Udval, Enkhsaikhan"]
[Result "0-1"]
[WhiteElo "1770"]
[BlackElo "1721"]
[Annotator "NA"]
[PlyCount "60"]
[EventDate "2019.10.28"]
[EventType "team-tourn"]
[EventCountry "TUR"]
[SourceTitle "playchess.com"]
[Source "ChessBase"]
[SourceQuality "1"]

1. e4 e6 2. d4 d5 3. e5 c5 4. c3 Qb6 5. Nf3 Nc6 6. a3 Bd7 7. b4 cxd4 8. cxd4 Rc8 9. Be3 f6 10. Bd3 g6 11. O-O Bg7 12. Nbd2 fxe5 13. Nxe5 Nxe5 14. dxe5 Qd8 15. Nf3 Ne7 16. Rc1 b6 17. Qd2 Rxc1 18. Rxc1 Nc6 19. Bg5 Qb8 20. Bf6 Bxf6 21. exf6 Ne5 22. Qh6 Nxf3+ 23. gxf3 Qe5 24. Bxg6+ Kd8 25. f7 Qf6 26. Qd2 Qxg6+ 27. Kh1 Qxf7 28. Qg5+ Ke8 29. Qg3 Rg8 30. Qh3 e5 0-1

[Event "WY U-16 Chess Olympiad 2019"]
[Site "Corum"]
[Date "2019.11.01"]
[Round "5"]
[White "de Jager, Andreas"]
[Black "Asavasaetakul, Chawit"]
[Result "1-0"]
[WhiteElo "1728"]
[BlackElo "1746"]
[Annotator "NA"]
[PlyCount "79"]
[EventDate "2019.10.28"]
[EventType "team-tourn"]
[EventCountry "TUR"]
[SourceTitle "playchess.com"]
[Source "ChessBase"]
[SourceQuality "1"]

1. e4 c6 2. d4 d5 3. Nd2 dxe4 4. Nxe4 Nf6 5. Nxf6+ exf6 6. Nf3 Bd6 7. Bd3 O-O 8. O-O Bg4 9. c3 Re8 10. Kh1 Bc7 11. h3 Bh5 12. Re1 Bxf3 13. gxf3 Nd7 14. Rg1 Nf8 15. f4 Qd5+ 16. Rg2 Ng6 17. Kg1 c5 18. Bd2 cxd4 19. c4 Qd7 20. Qh5 Bd6 21. Rg4 Qc6 22. f5 Qf3 23. fxg6 hxg6 24. Qh4 Qxd3 25. Rxd4 Qf5 26. Rxd6 Re4 27. Qg3 Rxc4 28. Qd3 Re4 29. f3 Qc5+ 30. Kg2 Re5 31. Bf4 Rf5 32. Bg3 Rg5 33. h4 Rf5 34. Re1 Rc8 35. Rd8+ Kh7 36. Ree8 Rxd8 37. Qxd8 Qc2+ 38. Kh3 g5 39. Rh8+ Kg6 40. h5# 1-0

[Event "WY U-16 Chess Olympiad 2019"]
[Site "Corum"]
[Date "2019.11.01"]
[Round "5"]
[White "Zholdoshmamatov, Adilet"]
[Black "Aman Deepak Thadani"]
[Result "1-0"]
[WhiteElo "1682"]
[BlackElo "1627"]
[Annotator "NA"]
[PlyCount "92"]
[EventDate "2019.10.28"]
[EventType "team-tourn"]
[EventCountry "TUR"]
[SourceTitle "playchess.com"]
[Source "ChessBase"]
[SourceQuality "1"]

1. e4 e6 2. d3 d5 3. Nd2 c5 4. Ngf3 Nc6 5. g3 Nf6 6. Bg2 d4 7. O-O e5 8. Nc4 Qc7 9. a4 Be6 10. b3 h6 11. h4 Be7 12. Bd2 Nd7 13. c3 dxc3 14. Bxc3 O-O-O 15. Rc1 g5 16. hxg5 hxg5 17. Bd2 Rdg8 18. Ne3 Nd4 19. Nxd4 exd4 20. Nd5 Bxd5 21. exd5 Ne5 22. Qe2 Bd6 23. b4 b6 24. Qe4 f6 25. a5 Qh7 26. Qxh7 Rxh7 27. Be4 Rc7 28. axb6 axb6 29. Ra1 Kb7 30. bxc5 Bxc5 31. d6+ Rc6 32. Bxc6+ Kxc6 33. Rfd1 Nxd3 34. Bxg5 Nxf2 35. Kxf2 Rxg5 36. Kf3 Bxd6 37. Rac1+ Kd5 38. g4 Re5 39. Rd3 Bc5 40. Rd2 b5 41. Rdc2 Kd6 42. Re2 d3 43. Rxe5 Kxe5 44. Rxc5+ Kd4 45. Rxb5 Kc3 46. Rb6 Kd4 1-0

[Event "WY U-16 Chess Olympiad 2019"]
[Site "Corum"]
[Date "2019.11.01"]
[Round "5"]
[White "Kiripitige, Chathula"]
[Black "Mirlan uulu, Syimyk"]
[Result "0-1"]
[WhiteElo "1665"]
[BlackElo "1899"]
[Annotator "NA"]
[PlyCount "116"]
[EventDate "2019.10.28"]
[EventType "team-tourn"]
[EventCountry "TUR"]
[SourceTitle "playchess.com"]
[Source "ChessBase"]
[SourceQuality "1"]

1. e4 e6 2. d4 d5 3. e5 c5 4. Qg4 cxd4 5. Nf3 Nc6 6. Bd3 Nge7 7. O-O Ng6 8. Qg3 Be7 9. Nbd2 O-O 10. Nb3 Bh4 11. Nxh4 Qxh4 12. Bxg6 Qxg3 13. Bxh7+ Kxh7 14. hxg3 Nxe5 15. Nxd4 Nc6 16. Nxc6 bxc6 17. Bf4 f6 18. Be3 e5 19. Bc5 Re8 20. c3 Bf5 21. f3 Bd3 22. Rfe1 f5 23. Kf2 a5 24. a3 a4 25. Rad1 e4 26. Rh1+ Kg6 27. Rh4 Rab8 28. Rd2 Rb5 29. Be3 Reb8 30. g4 Rxb2 31. gxf5+ Kxf5 32. Rf4+ Ke6 33. Rg4 Kf7 34. Rf4+ Kg8 35. Rg4 Rxd2+ 36. Bxd2 Rb2 37. Ke3 c5 38. fxe4 Bxe4 39. Bc1 Rc2 40. Bd2 Ra2 41. Bc1 Ra1 42. Kd2 Ra2+ 43. Ke3 g6 44. g3 Kf7 45. c4 Bf5 46. Rf4 d4+ 47. Kf3 Rc2 48. g4 Rxc1 49. gxf5 Rf1+ 50. Kg3 Rxf4 51. fxg6+ Kxg6 52. Kxf4 Kh5 53. Ke4 Kg4 54. Kd5 d3 55. Kxc5 d2 56. Kb6 d1=Q 57. c5 Qb3+ 58. Kc7 Qxa3 0-1

[Event "WY U-16 Chess Olympiad 2019"]
[Site "Corum"]
[Date "2019.11.01"]
[Round "5"]
[White "Sapenov, Daniyal"]
[Black "Lee, Care Greene"]
[Result "1/2-1/2"]
[WhiteElo "1656"]
[BlackElo "1950"]
[Annotator "NA"]
[PlyCount "89"]
[EventDate "2019.10.28"]
[EventType "team-tourn"]
[EventCountry "TUR"]
[SourceTitle "playchess.com"]
[Source "ChessBase"]
[SourceQuality "1"]

1. d4 Nf6 2. Nf3 g6 3. g3 Bg7 4. Bg2 d5 5. O-O O-O 6. c4 c6 7. b3 dxc4 8. bxc4 c5 9. Bb2 Qb6 10. Qb3 Ne4 11. Nc3 Nxc3 12. Bxc3 Nc6 13. Rfd1 Bg4 14. e3 Rad8 15. Qxb6 axb6 16. Rab1 Rd6 17. Ba1 cxd4 18. exd4 Rfd8 19. d5 Bxa1 20. Rxa1 e6 21. Rab1 exd5 22. Rxd5 Be6 23. Rxd6 Rxd6 24. h4 Na5 25. Re1 Nxc4 26. Ng5 Na5 27. h5 Kg7 28. Nxe6+ fxe6 29. hxg6 hxg6 30. Rc1 Kf6 31. Rc7 Rd1+ 32. Bf1 Rd2 33. a3 Ra2 34. Rc3 Ra1 35. Kg2 Ke5 36. Re3+ Kd5 37. Bd3 g5 38. Be4+ Kd4 39. Bf3 Nc4 40. Rxe6 Rxa3 41. Bxb7 b5 42. Re4+ Kd3 43. Rg4 b4 44. Rxg5 b3 45. Rb5 1/2-1/2

[Event "WY U-16 Chess Olympiad 2019"]
[Site "Corum"]
[Date "2019.11.01"]
[Round "5"]
[White "Burbach, Brunel Baron"]
[Black "Felix, Ethon"]
[Result "1/2-1/2"]
[WhiteElo "1642"]
[BlackElo "1675"]
[Annotator "NA"]
[PlyCount "136"]
[EventDate "2019.10.28"]
[EventType "team-tourn"]
[EventCountry "TUR"]
[SourceTitle "playchess.com"]
[Source "ChessBase"]
[SourceQuality "1"]

1. e4 Nf6 2. e5 Nd5 3. d4 d6 4. Bc4 Nb6 5. Bb3 g6 6. Qf3 d5 7. Ne2 Bg7 8. Nf4 c6 9. h4 Bf5 10. Nh5 Bf8 11. Ng3 Qd7 12. h5 h6 13. Nc3 Bg4 14. Qe3 g5 15. f3 Bf5 16. Nxf5 Qxf5 17. g4 Qd7 18. Bd2 e6 19. f4 Be7 20. O-O-O a5 21. a4 Na6 22. fxg5 Bxg5 23. Qg3 Qe7 24. Kb1 O-O-O 25. Rhf1 Rdf8 26. Bxg5 Qxg5 27. Qf4 Qxf4 28. Rxf4 Kd7 29. Rg1 Ke7 30. g5 hxg5 31. Rxg5 Rfg8 32. Rfg4 Rxg5 33. Rxg5 Nd7 34. Ne2 Nc7 35. Nf4 Ne8 36. c3 Nf8 37. Bc2 f6 38. Ng6+ Nxg6 39. exf6+ Kxf6 40. Rxg6+ Kf7 41. Rg2 Ng7 42. Bg6+ Kf6 43. Rf2+ Nf5 44. Kc2 Kg5 45. Kd3 Rf8 46. Rg2+ Kh6 47. Rf2 Kg7 48. Bxf5 exf5 49. Ke3 Kh6 50. Rh2 Kg5 51. h6 Rh8 52. h7 f4+ 53. Kf3 Kf5 54. Rh5+ Kg6 55. Rh4 Kg5 56. Rg4+ Kf6 57. Rxf4+ Kg7 58. Rg4+ Kf6 59. Rh4 Kg5 60. Rh2 Rf8+ 61. Ke3 Re8+ 62. Kd3 Rh8 63. b4 axb4 64. cxb4 Kg6 65. Kc3 Rxh7 66. Rxh7 Kxh7 67. b5 cxb5 68. axb5 b6 1/2-1/2

[Event "WY U-16 Chess Olympiad 2019"]
[Site "Corum"]
[Date "2019.11.01"]
[Round "5"]
[White "Vithanage, I A"]
[Black "Brilej, Jaka"]
[Result "0-1"]
[WhiteElo "1600"]
[BlackElo "2177"]
[Annotator "NA"]
[PlyCount "106"]
[EventDate "2019.10.28"]
[EventType "team-tourn"]
[EventCountry "TUR"]
[SourceTitle "playchess.com"]
[Source "ChessBase"]
[SourceQuality "1"]

1. e4 c5 2. Nf3 Nc6 3. d4 cxd4 4. Nxd4 Nf6 5. Nc3 e5 6. Ndb5 d6 7. Bg5 a6 8. Na3 b5 9. Nd5 Be7 10. Nxe7 Nxe7 11. Bd3 Ng6 12. c3 h6 13. Bd2 Bb7 14. Qe2 O-O 15. O-O d5 16. exd5 Qxd5 17. f3 Nf4 18. Bxf4 exf4 19. Bc2 Rfe8 20. Qf2 Re3 21. Bb3 Qg5 22. Kh1 Rae8 23. Rfe1 Qc5 24. Qd2 a5 25. Rxe3 fxe3 26. Qe2 Ba6 27. Rd1 b4 28. Qxa6 bxa3 29. Qe2 axb2 30. c4 Qb4 31. g3 a4 32. Bc2 a3 33. Bb1 g6 34. Kg2 Qc3 35. Rd6 Kg7 36. g4 Rc8 37. Rd3 Qc1 38. Rd1 Rxc4 39. Bd3 Rc5 40. Qe1 Nd5 41. Kg3 Qc3 42. Qe2 Qe5+ 43. f4 Nxf4 44. Qf3 Nxd3+ 45. Kg2 e2 46. Qxd3 exd1=Q 47. Qxd1 Qd5+ 48. Qxd5 Rxd5 49. g5 b1=Q 50. gxh6+ Kxh6 51. h4 Rd3 52. h5 Qc2+ 53. Kf1 Rd1# 0-1

[Event "WY U-16 Chess Olympiad 2019"]
[Site "Corum"]
[Date "2019.11.01"]
[Round "5"]
[White "Dinham, James"]
[Black "Juhasz, Judit"]
[Result "0-1"]
[WhiteElo "1589"]
[BlackElo "2004"]
[Annotator "NA"]
[PlyCount "98"]
[EventDate "2019.10.28"]
[EventType "team-tourn"]
[EventCountry "TUR"]
[SourceTitle "playchess.com"]
[Source "ChessBase"]
[SourceQuality "1"]

1. e4 c5 2. Nf3 Nc6 3. d4 cxd4 4. Nxd4 Qb6 5. Nb3 Nf6 6. Nc3 e6 7. Be3 Qc7 8. a3 a6 9. f4 d6 10. Qf3 Rb8 11. g4 b5 12. Bg2 Bb7 13. g5 Nd7 14. O-O-O Nb6 15. Bxb6 Qxb6 16. Rhe1 Be7 17. Qe2 Na5 18. Nxa5 Qxa5 19. Qd2 Rc8 20. Re3 e5 21. Rf3 exf4 22. Qxf4 O-O 23. Nd5 Bxd5 24. exd5 Rc4 25. Qe3 Qc7 26. c3 Rg4 27. Qe2 Bxg5+ 28. Kb1 Rc4 29. Bh3 a5 30. Rxf7 Qb8 31. Rxf8+ Qxf8 32. Rf1 Bf6 33. Bd7 Rc5 34. Rf3 g6 35. Bxb5 Kg7 36. c4 Rc7 37. Qe3 Re7 38. Qd2 Qd8 39. Rh3 h5 40. Ba4 Qc8 41. Qd3 Qb8 42. Qc2 Re1+ 43. Ka2 h4 44. Rb3 Qa7 45. Qg2 Qd4 46. Rb7+ Kh6 47. Rc7 Qd3 48. Bc2 Ra1+ 49. Kxa1 Qxa3+ 0-1

[Event "WY U-16 Chess Olympiad 2019"]
[Site "Corum"]
[Date "2019.11.01"]
[Round "5"]
[White "Jingjang, Shin"]
[Black "Louw, Carlo"]
[Result "1-0"]
[WhiteElo "1584"]
[BlackElo "1518"]
[Annotator "NA"]
[PlyCount "119"]
[EventDate "2019.10.28"]
[EventType "team-tourn"]
[EventCountry "TUR"]
[SourceTitle "playchess.com"]
[Source "ChessBase"]
[SourceQuality "1"]

1. d4 Nf6 2. Nf3 g6 3. Bg5 Bg7 4. Nbd2 d6 5. e4 h6 6. Bh4 g5 7. Bg3 Nh5 8. c3 c5 9. dxc5 Nxg3 10. hxg3 dxc5 11. Bc4 e6 12. Qe2 a6 13. a4 Nc6 14. O-O h5 15. Nb3 Qe7 16. a5 g4 17. Nfd2 e5 18. Qe3 Bf8 19. f3 Nd8 20. Bd5 h4 21. fxg4 Bh6 22. Qf2 hxg3 23. Qxg3 Bf4 24. Rxf4 exf4 25. Qxf4 Ne6 26. Qe5 f6 27. Qf5 Nf8 28. Qf2 Bxg4 29. Qxc5 Qh7 30. Qd6 Qh1+ 31. Kf2 Qh4+ 32. Ke3 Rd8 33. Bf7+ Kxf7 34. Qxd8 Qg3+ 35. Nf3 Bxf3 36. Qd5+ Kg6 37. Qf5+ Kg7 38. gxf3 Rh2 39. Qg4+ Qxg4 40. fxg4 Rxb2 41. Nd4 Kf7 42. Rf1 Ra2 43. Rf5 Nd7 44. g5 Ne5 45. gxf6 Rxa5 46. Kf4 Ng6+ 47. Kg5 Ra2 48. Nf3 Rg2+ 49. Kh5 Re2 50. Ng5+ Kf8 51. Kxg6 Rc2 52. Nh7+ Ke8 53. f7+ Kd7 54. f8=Q Rg2+ 55. Ng5 Kc7 56. Qc5+ Kd7 57. Rd5+ Ke8 58. Qc8+ Ke7 59. Qd7+ Kf8 60. Qf7# 1-0

[Event "WY U-16 Chess Olympiad 2019"]
[Site "Corum"]
[Date "2019.11.01"]
[Round "5"]
[White "Claassen, Jean-Daniel"]
[Black "Mekarapiruk, Chawit"]
[Result "1/2-1/2"]
[WhiteElo "1573"]
[BlackElo "1657"]
[Annotator "NA"]
[PlyCount "49"]
[EventDate "2019.10.28"]
[EventType "team-tourn"]
[EventCountry "TUR"]
[SourceTitle "playchess.com"]
[Source "ChessBase"]
[SourceQuality "1"]

1. e4 c5 2. Nf3 d6 3. d4 cxd4 4. Nxd4 Nf6 5. Nc3 Nc6 6. Bg5 e6 7. Qd2 a6 8. O-O-O h6 9. Nxc6 bxc6 10. Bf4 d5 11. exd5 cxd5 12. Be2 Qa5 13. Qe3 Bb4 14. Nxd5 Nxd5 15. Rxd5 Qxd5 16. Rd1 Qxa2 17. Rd8+ Ke7 18. Bd6+ Bxd6 19. Rxh8 Qa1+ 20. Kd2 Qa5+ 21. Kd1 Qa1+ 22. Kd2 Qa5+ 23. Kd1 Qa1+ 24. Kd2 Qa5+ 25. Kd1 1/2-1/2

[Event "WY U-16 Chess Olympiad 2019"]
[Site "Corum"]
[Date "2019.11.01"]
[Round "5"]
[White "Ismayilov, Arturan"]
[Black "Baranciuc, Alexandr"]
[Result "0-1"]
[WhiteElo "1561"]
[BlackElo "1923"]
[Annotator "NA"]
[PlyCount "98"]
[EventDate "2019.10.28"]
[EventType "team-tourn"]
[EventCountry "TUR"]
[SourceTitle "playchess.com"]
[Source "ChessBase"]
[SourceQuality "1"]

1. e4 d6 2. d4 Nf6 3. Nc3 g6 4. Nf3 Bg7 5. Be2 O-O 6. O-O c6 7. h3 Qc7 8. Bf4 Nbd7 9. a4 e5 10. Be3 Re8 11. dxe5 dxe5 12. Bd3 Nf8 13. Qe2 Ne6 14. Nd2 Nh5 15. Qf3 Nhf4 16. Ne2 Nxd3 17. cxd3 Qd6 18. Ra3 Qb4 19. Rc1 Nd4 20. Bxd4 exd4 21. Rc2 Be6 22. Nf4 Be5 23. Nxe6 Rxe6 24. Qg4 h5 25. Qg5 Bf6 26. Qc5 Qxc5 27. Rxc5 Be7 28. Rc4 Bxa3 29. bxa3 Rd8 30. Nb3 Red6 31. Na5 R8d7 32. Nb3 b5 33. Rb4 a5 34. Nxa5 Ra7 35. Nb3 Rxa4 36. Rxa4 bxa4 37. Na5 f5 38. e5 Rd5 39. Nc4 Rb5 40. Kf1 Kf7 41. Ke2 Ke6 42. f4 Rb1 43. h4 Rh1 44. g3 Rh2+ 45. Kf1 Rc2 46. Nb6 Rc3 47. Nxa4 Rxa3 48. Nc5+ Kd5 49. Nb7 Rxd3 0-1

[Event "WY U-16 Chess Olympiad 2019"]
[Site "Corum"]
[Date "2019.11.01"]
[Round "5"]
[White "Abdikani Nor, Mohamed"]
[Black "Booysen, Tineke"]
[Result "1/2-1/2"]
[WhiteElo "1518"]
[BlackElo "1310"]
[Annotator "NA"]
[PlyCount "73"]
[EventDate "2019.10.28"]
[EventType "team-tourn"]
[EventCountry "TUR"]
[SourceTitle "playchess.com"]
[Source "ChessBase"]
[SourceQuality "1"]

1. d4 e6 2. c4 f5 3. Nc3 Nf6 4. g3 Bb4 5. Bg2 d6 6. Nf3 Bxc3+ 7. bxc3 O-O 8. O-O Qe8 9. Ba3 Ne4 10. Qc2 Nd7 11. Nd2 Nxd2 12. Qxd2 Rf6 13. e4 fxe4 14. Bxe4 Nb6 15. Qd3 Qh5 16. c5 d5 17. Bg2 Nc4 18. Bc1 Bd7 19. Bf4 Rc8 20. Rab1 Bc6 21. Rfe1 a6 22. Be5 Nxe5 23. Rxe5 Qf7 24. Qe3 Re8 25. Bh3 Kh8 26. Re1 Bd7 27. c4 c6 28. cxd5 cxd5 29. f4 g6 30. Qb3 Bc6 31. Qe3 Bd7 32. Bg2 Bc6 33. Qb3 Qd7 34. Bh3 Qf7 35. Qe3 Bd7 36. Kf2 Qg8 37. Kg1 1/2-1/2

[Event "WY U-16 Chess Olympiad 2019"]
[Site "Corum"]
[Date "2019.11.01"]
[Round "5"]
[White "Cheng, Amanda"]
[Black "Lee, Dariya"]
[Result "0-1"]
[WhiteElo "1420"]
[BlackElo "1423"]
[Annotator "NA"]
[PlyCount "50"]
[EventDate "2019.10.28"]
[EventType "team-tourn"]
[EventCountry "TUR"]
[SourceTitle "playchess.com"]
[Source "ChessBase"]
[SourceQuality "1"]

1. e4 d6 2. d4 g6 3. Nf3 Bg7 4. Bf4 Nf6 5. Nbd2 Bg4 6. c3 Nbd7 7. Qb3 Bxf3 8. gxf3 e5 9. Be3 b6 10. Bc4 O-O 11. O-O-O c6 12. f4 b5 13. Bd3 exd4 14. Bxd4 Nc5 15. Bxc5 dxc5 16. Bc2 c4 17. Qb4 Qb6 18. a4 a5 19. Nxc4 Qa7 20. Qd6 bxc4 21. e5 Ng4 22. Rhg1 Nxf2 23. Rg2 Qe3+ 24. Rd2 Qe1+ 25. Rd1 Qe3+ 0-1

[Event "WY U-16 Chess Olympiad 2019"]
[Site "Corum"]
[Date "2019.11.01"]
[Round "5"]
[White "Tastekin, Ebrar Gozde"]
[Black "Chuemsakul, Sarocha"]
[Result "0-1"]
[WhiteElo "1313"]
[BlackElo "1645"]
[Annotator "NA"]
[PlyCount "86"]
[EventDate "2019.10.28"]
[EventType "team-tourn"]
[EventCountry "TUR"]
[SourceTitle "playchess.com"]
[Source "ChessBase"]
[SourceQuality "1"]

1. d4 Nf6 2. c4 e6 3. Nf3 b6 4. Nc3 Bb4 5. Bd2 Bb7 6. e3 O-O 7. Be2 d6 8. O-O Nbd7 9. a3 Bxc3 10. Bxc3 Ne4 11. Qc2 f5 12. Nd2 Qg5 13. Nf3 Qh6 14. Rad1 Ndf6 15. Qd3 Kh8 16. Nd2 Nxd2 17. Qxd2 Ne4 18. Qd3 Qg6 19. f3 Ng5 20. Kh1 Rae8 21. b4 Rd8 22. a4 Nf7 23. b5 e5 24. d5 e4 25. Qd4 exf3 26. Bxf3 Ne5 27. Be2 Bc8 28. a5 Rde8 29. h3 Nd7 30. Rf4 Nc5 31. axb6 axb6 32. Bf3 Kg8 33. Qd2 Qf7 34. g4 Qe7 35. gxf5 Rxf5 36. Rxf5 Bxf5 37. Re1 Qh4 38. Qg2 Qxh3+ 39. Qxh3 Bxh3 40. Rg1 g6 41. Re1 Bf5 42. Kg1 Bd3 43. Kf2 Bxc4 0-1

[Event "WY U-16 Chess Olympiad 2019"]
[Site "Corum"]
[Date "2019.11.01"]
[Round "5"]
[White "Bester, Carla"]
[Black "Mohamed Ali S"]
[Result "1-0"]
[WhiteElo "1260"]
[BlackElo "1073"]
[Annotator "NA"]
[PlyCount "75"]
[EventDate "2019.10.28"]
[EventType "team-tourn"]
[EventCountry "TUR"]
[SourceTitle "playchess.com"]
[Source "ChessBase"]
[SourceQuality "1"]

1. e4 e5 2. Nf3 Nc6 3. d4 exd4 4. Bc4 Nf6 5. Ng5 Ne5 6. Qxd4 Bd6 7. f4 Nxc4 8. Qxc4 O-O 9. e5 Qe8 10. O-O Qe7 11. exd6 cxd6 12. Nc3 h6 13. Nf3 b6 14. Re1 d5 15. Nxd5 Qc5+ 16. Qxc5 bxc5 17. Nxf6+ gxf6 18. Bd2 d6 19. Bc3 Kg7 20. Rad1 Rd8 21. Rd2 Ba6 22. Red1 Bc4 23. Rxd6 Rxd6 24. Rxd6 Bxa2 25. Rxf6 Kf8 26. Rxh6 Re8 27. Rh8+ Ke7 28. Bf6+ Kxf6 29. Rxe8 Bd5 30. Rg8 a5 31. h4 c4 32. c3 Kf5 33. Rg5+ Ke4 34. Re5+ Kd3 35. Rxd5+ Kc2 36. Rd2+ Kc1 37. h5 Kb1 38. h6 1-0

[Event "WY U-16 Chess Olympiad 2019"]
[Site "Corum"]
[Date "2019.11.01"]
[Round "5"]
[White "Ali-Askarov, Ali-Nur"]
[Black "Watkins, Rachel Jane"]
[Result "0-1"]
[WhiteElo "1109"]
[BlackElo "1212"]
[Annotator "NA"]
[PlyCount "101"]
[EventDate "2019.10.28"]
[EventType "team-tourn"]
[EventCountry "TUR"]
[SourceTitle "playchess.com"]
[Source "ChessBase"]
[SourceQuality "1"]

1. e4 e5 2. Nf3 Nc6 3. Bb5 a6 4. Bxc6 dxc6 5. Nxe5 Qd4 6. Nf3 Qxe4+ 7. Qe2 Qxe2+ 8. Kxe2 Bf5 9. d3 O-O-O 10. Re1 Bc5 11. Kf1 Nf6 12. Bg5 Rhe8 13. Nc3 h6 14. Bf4 g5 15. Be5 Ng4 16. Bg3 Rg8 17. Ne5 f6 18. h3 Nxe5 19. Bxe5 fxe5 20. Rxe5 Bxd3+ 21. cxd3 Bd4 22. Re6 Bxc3 23. bxc3 Rxd3 24. Rc1 Rd6 25. Re7 Rf8 26. Rce1 Kd8 27. R1e5 Rd2 28. f3 Rxa2 29. Rh7 Ra1+ 30. Kf2 Re8 31. Rf5 Rb1 32. Rff7 a5 33. Rd7+ Kc8 34. Rxc7+ Kb8 35. Rcd7 a4 36. Rd4 a3 37. Ra4 Rb2+ 38. Kg3 a2 39. Rd7 Ree2 40. Kg4 Rxg2+ 41. Kh5 Rg3 42. Rd8+ Kc7 43. Rad4 Rxh3+ 44. Kg4 Rh4+ 45. Kf5 a1=Q 46. R4d7+ Kb6 47. Rb8 Rb5+ 48. Ke6 Qe1+ 49. Kf7 Rf5+ 50. Kg6 Qe6+ 51. Kh7 0-1